<?xml version="1.0" encoding="UTF-8"?>
<collection xmlns="http://www.loc.gov/MARC21/slim">
    <record>
        <controlfield tag="001">30571</controlfield>
        <controlfield tag="005">20160203145832.0</controlfield>
        <datafield tag="037" ind1=" " ind2=" ">
            <subfield code="a">NORMAS-2014-079</subfield>
        </datafield>
        <datafield tag="245" ind1=" " ind2=" ">
            <subfield code="a">Reglamento de las empresas Spin-off y Start-up </subfield>
        </datafield>
        <datafield tag="260" ind1=" " ind2=" ">
            <subfield code="a">Zaragoza</subfield>
            <subfield code="b">Consejo de Gobierno de la Universidad de Zaragoza</subfield>
            <subfield code="c">2013-04-29</subfield>
        </datafield>
        <datafield tag="650" ind1=" " ind2=" ">
            <subfield code="a">Transferencia </subfield>
        </datafield>
        <datafield tag="650" ind1=" " ind2=" ">
            <subfield code="a">Spin-off</subfield>
        </datafield>
        <datafield tag="650" ind1=" " ind2=" ">
            <subfield code="a">Start-up</subfield>
        </datafield>
        <datafield tag="650" ind1=" " ind2=" ">
            <subfield code="a">Empresas </subfield>
        </datafield>
        <datafield tag="653" ind1="1" ind2=" ">
            <subfield code="a">Investigación y transferencia</subfield>
        </datafield>
        <datafield tag="653" ind1="1" ind2=" ">
            <subfield code="a">Empresas spin off y start up</subfield>
        </datafield>
        <datafield tag="700" ind1=" " ind2=" ">
            <subfield code="a">Consejo de Gobierno de la Universidad de Zaragoza</subfield>
        </datafield>
        <datafield tag="856" ind1="0" ind2=" ">
            <subfield code="f">secregen@unizar.es</subfield>
        </datafield>
        <datafield tag="856" ind1="4" ind2=" ">
            <subfield code="s">171265</subfield>
            <subfield code="u">http://zaguan.unizar.es/record/30571/files/norma_relacionesinstitucionalesSPIN_2013_original.pdf</subfield>
            <subfield code="y">Normativa</subfield>
            <subfield code="z">1</subfield>
        </datafield>
        <datafield tag="856" ind1="4" ind2=" ">
            <subfield code="s">169637</subfield>
            <subfield code="u">http://zaguan.unizar.es/record/30571/files/texto_integrado.pdf</subfield>
            <subfield code="y">Texto integrado</subfield>
            <subfield code="z">3</subfield>
        </datafield>
        <datafield tag="856" ind1="4" ind2=" ">
            <subfield code="s">31693</subfield>
            <subfield code="u">http://zaguan.unizar.es/record/30571/files/Modificación_reglamento_spin_off.pdf</subfield>
            <subfield code="y">Modificación 28-01-16</subfield>
            <subfield code="z">2</subfield>
        </datafield>
        <datafield tag="920" ind1=" " ind2=" ">
            <subfield code="a">BOUZ 04-13 09/05/2013</subfield>
        </datafield>
        <datafield tag="980" ind1=" " ind2=" ">
            <subfield code="a">NORMAS</subfield>
        </datafield>
    </record>

    
</collection>